[Event "BPB Limburg Open - Group A"]
[Site "chess24.com"]
[Date "2016.05.13"]
[Round "1"]
[White "Ernst, Sipke"]
[Black "Wilschut, Peter"]
[Result "1-0"]
[Board "10"]
[WhiteTitle "GM"]
[WhiteElo "2543"]
[WhiteCountry "NED"]
[WhiteFideId "1004689"]
[WhiteEloChange "2"]
[BlackElo "2260"]
[BlackCountry "NED"]
[BlackFideId "1007165"]
[BlackEloChange "-3"]

1. d4 {[%clk 2:00:27]} d5 {[%clk 2:00:24]} 2. c4 {[%clk 2:00:38]} c6 {[%clk
2:00:31]} 3. Nf3 {[%clk 2:00:48]} Nf6 {[%clk 2:00:42]} 4. Nc3 {[%clk 2:00:36]} a6
{[%clk 2:00:38]} 5. a4 {[%clk 1:58:21]} e6 {[%clk 1:58:01]} 6. e3 {[%clk
1:57:17]} c5 {[%clk 1:56:28]} 7. Be2 {[%clk 1:56:57]} Nc6 {[%clk 1:55:17]} 8. O-O
{[%clk 1:57:06]} Be7 {[%clk 1:53:49]} 9. b3 {[%clk 1:53:52]} O-O {[%clk 1:51:25]}
10. Bb2 {[%clk 1:53:49]} b6 {[%clk 1:33:05]} 11. cxd5 {[%clk 1:53:56]} exd5
{[%clk 1:31:24]} 12. Rc1 {[%clk 1:52:17]} Bb7 {[%clk 1:23:51]} 13. Qd3 {[%clk
1:51:37]} Na5 {[%clk 1:12:37]} 14. Qc2 {[%clk 1:49:19]} Rc8 {[%clk 1:06:14]} 15.
Rfd1 {[%clk 1:46:38]} c4 {[%clk 0:56:20]} 16. bxc4 {[%clk 1:45:49]} Nxc4 {[%clk
0:56:23]} 17. Ne5 {[%clk 1:42:33]} Na5 {[%clk 0:47:12]} 18. Bd3 {[%clk 1:41:49]}
Nc6 {[%clk 0:30:58]} 19. Bf5 {[%clk 1:34:40]} Rc7 {[%clk 0:20:53]} 20. Nb5 {[%clk
1:26:23]} axb5 {[%clk 0:15:44]} 21. axb5 {[%clk 1:25:55]} Nxe5 {[%clk 0:11:01]}
22. Qxc7 {[%clk 1:25:30]} Nc4 {[%clk 0:10:00]} 23. Rxc4 {[%clk 1:24:47]} dxc4
{[%clk 0:10:09]} 24. Qxb7 {[%clk 1:25:01]} g6 {[%clk 0:02:55]} 25. Bb1 {[%clk
1:25:04]} Qd6 {[%clk 0:02:28]} 26. d5 {[%clk 1:15:23]} Ng4 {[%clk 0:01:29]} 27.
h3 {[%clk 1:15:21]} Qh2+ {[%clk 0:00:44]} 28. Kf1 {[%clk 1:15:35]} Bf6 {[%clk
0:00:34]} 29. Bxf6 {[%clk 1:15:19]} Nxf6 {[%clk 0:00:43]} 30. Qc6 {[%clk
1:12:51]} Kg7 {[%clk 0:00:34]} 31. d6 {[%clk 1:11:43]} Rd8 {[%clk 0:00:32]} 32.
Qxb6 {[%clk 1:11:02]} Rd7 {[%clk 0:00:22]} 33. Qc6 {[%clk 1:11:03]} c3 {[%clk
0:00:21]} 34. b6 {[%clk 1:09:34]} 1-0

[Event "BPB Limburg Open - Group A"]
[Site "chess24.com"]
[Date "2016.05.14"]
[Round "2"]
[White "Bachmann, Axel"]
[Black "Harff, Marcel"]
[Result "1-0"]
[Board "1"]
[WhiteTitle "GM"]
[WhiteElo "2632"]
[WhiteCountry "PAR"]
[WhiteFideId "3700488"]
[WhiteEloChange "2"]
[BlackTitle "FM"]
[BlackElo "2361"]
[BlackCountry "GER"]
[BlackFideId "24621382"]
[BlackEloChange "-3"]

1. Nf3 {[%clk 2:00:26]} d5 {[%clk 2:00:18]} 2. d4 {[%clk 2:00:21]} c6 {[%clk
1:59:57]} 3. c4 {[%clk 2:00:30]} Nf6 {[%clk 2:00:06]} 4. e3 {[%clk 2:00:23]} Bf5
{[%clk 1:59:18]} 5. Nc3 {[%clk 2:00:27]} e6 {[%clk 1:59:20]} 6. Nh4 {[%clk
1:59:12]} Bg6 {[%clk 1:58:28]} 7. h3 {[%clk 1:50:15]} Nbd7 {[%clk 1:54:05]} 8.
Bd2 {[%clk 1:48:13]} Bd6 {[%clk 1:52:58]} 9. Be2 {[%clk 1:39:08]} O-O {[%clk
1:47:48]} 10. Nxg6 {[%clk 1:36:57]} hxg6 {[%clk 1:47:03]} 11. O-O {[%clk
1:35:33]} dxc4 {[%clk 1:46:15]} 12. Bxc4 {[%clk 1:32:00]} e5 {[%clk 1:45:59]} 13.
dxe5 {[%clk 1:27:01]} Nxe5 {[%clk 1:43:48]} 14. Be2 {[%clk 1:27:10]} Qe7 {[%clk
1:43:29]} 15. Qc2 {[%clk 1:27:20]} Bc7 {[%clk 1:38:41]} 16. g3 {[%clk 1:01:00]}
Rad8 {[%clk 1:34:49]} 17. Rfd1 {[%clk 0:58:35]} Qe6 {[%clk 1:31:44]} 18. Kg2
{[%clk 0:56:11]} b5 {[%clk 1:23:34]} 19. Be1 {[%clk 0:52:23]} a6 {[%clk 1:16:29]}
20. a4 {[%clk 0:50:31]} Rxd1 {[%clk 1:07:43]} 21. Rxd1 {[%clk 0:50:11]} Rd8
{[%clk 1:07:56]} 22. Rc1 {[%clk 0:36:05]} Bb6 {[%clk 1:04:13]} 23. b3 {[%clk
0:34:43]} b4 {[%clk 1:03:25]} 24. Nb1 {[%clk 0:34:45]} Qd5+ {[%clk 1:02:03]} 25.
Kh2 {[%clk 0:29:52]} a5 {[%clk 0:58:37]} 26. Nd2 {[%clk 0:28:55]} c5 {[%clk
0:55:14]} 27. Rd1 {[%clk 0:27:17]} Bc7 {[%clk 0:49:47]} 28. f4 {[%clk 0:20:21]}
Nd3 {[%clk 0:48:40]} 29. Nc4 {[%clk 0:20:18]} Nxe1 {[%clk 0:48:41]} 30. Rxe1
{[%clk 0:20:33]} Qe4 {[%clk 0:48:38]} 31. Rc1 {[%clk 0:18:30]} g5 {[%clk
0:48:19]} 32. Qxe4 {[%clk 0:10:27]} Nxe4 {[%clk 0:47:32]} 33. Kg2 {[%clk
0:10:41]} gxf4 {[%clk 0:47:33]} 34. gxf4 {[%clk 0:10:48]} Nd2 {[%clk 0:46:02]}
35. Nxd2 {[%clk 0:10:58]} Rxd2 {[%clk 0:46:11]} 36. Kf3 {[%clk 0:11:11]} Bd6
{[%clk 0:46:16]} 37. h4 {[%clk 0:10:56]} g6 {[%clk 0:45:48]} 38. h5 {[%clk
0:10:52]} gxh5 {[%clk 0:45:14]} 39. Rh1 {[%clk 0:10:43]} Kf8 {[%clk 0:44:31]} 40.
Rxh5 {[%clk 0:10:41]} Kg7 {[%clk 0:43:50]} 41. Bc4 {[%clk 0:10:17]} Be7 {[%clk
0:43:32]} 42. Re5 {[%clk 0:08:29]} Rd7 {[%clk 0:43:29]} 43. Bb5 {[%clk 0:08:37]}
Rc7 {[%clk 0:43:36]} 44. Rd5 {[%clk 0:08:49]} Bf6 {[%clk 0:42:52]} 45. Bc4 {[%clk
0:08:42]} Be7 {[%clk 0:42:17]} 46. e4 {[%clk 0:08:50]} f6 {[%clk 0:42:16]} 47.
Kg4 {[%clk 0:08:58]} Kg6 {[%clk 0:41:54]} 48. Bd3 {[%clk 0:07:03]} Rc8 {[%clk
0:41:25]} 49. e5+ {[%clk 0:05:00]} Kf7 {[%clk 0:41:08]} 50. Bc4 {[%clk 0:04:50]}
Kf8 {[%clk 0:40:48]} 51. Rd7 {[%clk 0:04:45]} fxe5 {[%clk 0:40:45]} 52. fxe5
{[%clk 0:04:56]} Rd8 {[%clk 0:40:32]} 53. Ra7 {[%clk 0:05:09]} Rd4+ {[%clk
0:39:41]} 54. Kf5 {[%clk 0:05:19]} Bd8 {[%clk 0:39:44]} 55. e6 {[%clk 0:05:29]}
1-0

[Event "BPB Limburg Open - Group A"]
[Site "chess24.com"]
[Date "2016.05.14"]
[Round "2"]
[White "Gharamian, Tigran"]
[Black "Vuilleumier, Alexandre"]
[Result "1-0"]
[Board "2"]
[WhiteTitle "GM"]
[WhiteElo "2627"]
[WhiteCountry "FRA"]
[WhiteFideId "13301527"]
[WhiteEloChange "2"]
[BlackTitle "IM"]
[BlackElo "2384"]
[BlackCountry "SUI"]
[BlackFideId "1305662"]
[BlackEloChange "-4"]

1. e4 {[%clk 2:00:26]} e5 {[%clk 2:00:25]} 2. Nf3 {[%clk 2:00:31]} Nc6 {[%clk
2:00:34]} 3. Bb5 {[%clk 1:59:36]} f5 {[%clk 2:00:41]} 4. Nc3 {[%clk 1:58:35]}
fxe4 {[%clk 2:00:48]} 5. Nxe4 {[%clk 1:58:42]} Nf6 {[%clk 2:00:59]} 6. Nxf6+
{[%clk 1:58:10]} Qxf6 {[%clk 2:01:06]} 7. Qe2 {[%clk 1:58:12]} Be7 {[%clk
2:01:15]} 8. Bxc6 {[%clk 1:58:20]} bxc6 {[%clk 2:01:24]} 9. d4 {[%clk 1:58:04]}
Qg6 {[%clk 2:00:18]} 10. O-O {[%clk 1:56:45]} d6 {[%clk 2:00:23]} 11. Qc4 {[%clk
1:55:59]} d5 {[%clk 2:00:30]} 12. Qb3 {[%clk 1:56:10]} e4 {[%clk 1:47:00]} 13.
Ne5 {[%clk 1:55:58]} Qe6 {[%clk 1:46:49]} 14. Qa4 {[%clk 1:55:40]} O-O {[%clk
1:41:16]} 15. Qxc6 {[%clk 1:49:13]} Qxc6 {[%clk 1:40:18]} 16. Nxc6 {[%clk
1:49:08]} Bd6 {[%clk 1:39:02]} 17. Be3 {[%clk 1:40:26]} a5 {[%clk 1:35:32]} 18.
Bd2 {[%clk 1:37:53]} Rf5 {[%clk 0:48:07]} 19. Nxa5 {[%clk 1:23:28]} Rh5 {[%clk
0:46:43]} 20. g3 {[%clk 1:19:33]} Bg4 {[%clk 0:43:45]} 21. Nb3 {[%clk 1:15:39]}
Rf8 {[%clk 0:39:36]} 22. Be3 {[%clk 1:13:34]} g5 {[%clk 0:28:54]} 23. Rfe1 {[%clk
1:02:29]} Rf6 {[%clk 0:28:00]} 24. Nd2 {[%clk 1:02:11]} Rfh6 {[%clk 0:22:26]} 25.
Nf1 {[%clk 1:01:32]} Bh3 {[%clk 0:19:34]} 26. a4 {[%clk 0:58:34]} Bb4 {[%clk
0:19:31]} 27. c3 {[%clk 0:56:49]} Ba5 {[%clk 0:19:40]} 28. b4 {[%clk 0:56:08]}
Bb6 {[%clk 0:19:50]} 29. a5 {[%clk 0:56:03]} Ba7 {[%clk 0:20:01]} 30. b5 {[%clk
0:56:00]} Kf7 {[%clk 0:17:35]} 31. Rec1 {[%clk 0:53:54]} Ke6 {[%clk 0:15:31]} 32.
c4 {[%clk 0:53:39]} Bxf1 {[%clk 0:11:40]} 33. Kxf1 {[%clk 0:53:42]} dxc4 {[%clk
0:11:39]} 34. d5+ {[%clk 0:53:27]} 1-0

[Event "BPB Limburg Open - Group A"]
[Site "chess24.com"]
[Date "2016.05.14"]
[Round "2"]
[White "Fier, Alexandr"]
[Black "Coenen, Michael"]
[Result "1/2-1/2"]
[Board "3"]
[WhiteTitle "GM"]
[WhiteElo "2624"]
[WhiteCountry "BRA"]
[WhiteFideId "2107139"]
[WhiteEloChange "-3"]
[BlackElo "2408"]
[BlackCountry "GER"]
[BlackFideId "4697367"]
[BlackEloChange "3"]

1. d4 {[%clk 2:00:27]} Nf6 {[%clk 2:00:24]} 2. c4 {[%clk 2:00:37]} g6 {[%clk
2:00:34]} 3. Nc3 {[%clk 2:00:48]} d5 {[%clk 2:00:43]} 4. cxd5 {[%clk 2:00:58]}
Nxd5 {[%clk 2:00:54]} 5. e4 {[%clk 2:01:06]} Nxc3 {[%clk 2:01:05]} 6. bxc3 {[%clk
2:01:15]} Bg7 {[%clk 2:01:17]} 7. Nf3 {[%clk 2:01:22]} c5 {[%clk 2:01:28]} 8. Be3
{[%clk 2:01:32]} Qa5 {[%clk 2:01:38]} 9. Qd2 {[%clk 2:01:41]} Nc6 {[%clk
2:01:45]} 10. Rb1 {[%clk 2:01:52]} a6 {[%clk 2:01:56]} 11. Rc1 {[%clk 2:02:02]}
cxd4 {[%clk 2:02:01]} 12. cxd4 {[%clk 2:02:12]} Qxd2+ {[%clk 2:02:12]} 13. Kxd2
{[%clk 2:02:20]} e6 {[%clk 2:01:30]} 14. Bd3 {[%clk 2:01:25]} O-O {[%clk
2:01:37]} 15. Rc4 {[%clk 2:01:30]} Bd7 {[%clk 1:58:34]} 16. Rhc1 {[%clk 1:54:42]}
Rfc8 {[%clk 1:53:09]} 17. d5 {[%clk 1:44:16]} exd5 {[%clk 1:49:51]} 18. exd5
{[%clk 1:43:51]} Ne5 {[%clk 1:49:47]} 19. Nxe5 {[%clk 1:42:57]} Bxe5 {[%clk
1:49:54]} 20. Bb6 {[%clk 1:41:33]} Rxc4 {[%clk 1:45:47]} 21. Rxc4 {[%clk
1:41:43]} Rc8 {[%clk 1:39:10]} 22. Rxc8+ {[%clk 1:41:53]} Bxc8 {[%clk 1:39:19]}
23. a4 {[%clk 1:42:04]} Kf8 {[%clk 1:33:18]} 24. g3 {[%clk 1:39:59]} Ke7 {[%clk
1:22:58]} 25. f4 {[%clk 1:40:04]} Bd6 {[%clk 1:23:07]} 26. Kc3 {[%clk 1:40:16]}
Bg4 {[%clk 1:17:50]} 27. Bc2 {[%clk 1:39:17]} Bf3 {[%clk 1:09:03]} 28. Kd4 {[%clk
1:39:19]} f5 {[%clk 1:09:00]} 29. Bb3 {[%clk 1:38:33]} Be2 {[%clk 0:33:32]} 30.
Ke3 {[%clk 1:35:46]} Bf1 {[%clk 0:33:18]} 31. Bd1 {[%clk 1:34:48]} Ba3 {[%clk
0:29:15]} 32. Bb3 {[%clk 1:31:01]} Kd6 {[%clk 0:17:26]} 33. Bd4 {[%clk 1:26:49]}
Bc5 {[%clk 0:14:55]} 34. a5 {[%clk 1:26:59]} Bb4 {[%clk 0:09:45]} 35. Be5+ {[%clk
1:23:56]} Kd7 {[%clk 0:09:44]} 36. d6 {[%clk 1:24:08]} Bxa5 {[%clk 0:07:46]} 37.
Bg8 {[%clk 1:24:18]} Bb6+ {[%clk 0:07:06]} 38. Kd2 {[%clk 1:23:05]} Ba5+ {[%clk
0:05:46]} 39. Ke3 {[%clk 1:23:06]} Bb6+ {[%clk 0:06:00]} 40. Kd2 {[%clk 1:23:17]}
Ba5+ {[%clk 0:04:01]} 41. Ke3 {[%clk 1:20:53]} Bb6+ {[%clk 0:03:41]} 42. Kd2
{[%clk 1:21:04]} Bc5 {[%clk 0:02:56]} 43. Bxh7 {[%clk 1:21:11]} Bh3 {[%clk
0:02:40]} 44. Bxg6 {[%clk 1:21:06]} Bxd6 {[%clk 0:02:53]} 45. Bd4 {[%clk
1:21:14]} Kc6 {[%clk 0:02:27]} 46. Bf7 {[%clk 1:21:11]} b5 {[%clk 0:01:46]} 47.
Kc2 {[%clk 1:20:36]} Bc5 {[%clk 0:01:47]} 48. Kd3 {[%clk 1:16:44]} a5 {[%clk
0:01:59]} 49. Be8+ {[%clk 1:14:41]} Kd5 {[%clk 0:02:08]} 50. Bf7+ {[%clk
1:14:53]} Kc6 {[%clk 0:02:18]} 51. Be8+ {[%clk 1:15:06]} Kd5 {[%clk 0:01:41]} 52.
Bf7+ {[%clk 1:15:17]} Kc6 {[%clk 0:01:21]} 1/2-1/2

[Event "BPB Limburg Open - Group A"]
[Site "chess24.com"]
[Date "2016.05.14"]
[Round "2"]
[White "Fridman, Daniel"]
[Black "Feuerstack, Aljoscha"]
[Result "1/2-1/2"]
[Board "4"]
[WhiteTitle "GM"]
[WhiteElo "2614"]
[WhiteCountry "GER"]
[WhiteFideId "11600454"]
[WhiteEloChange "-2"]
[BlackTitle "IM"]
[BlackElo "2452"]
[BlackCountry "GER"]
[BlackFideId "4681932"]
[BlackEloChange "2"]

1. d4 {[%clk 2:00:27]} d5 {[%clk 2:00:26]} 2. c4 {[%clk 2:00:36]} c6 {[%clk
2:00:38]} 3. Nf3 {[%clk 2:00:46]} Nf6 {[%clk 2:00:50]} 4. Nc3 {[%clk 2:00:54]}
dxc4 {[%clk 2:01:01]} 5. a4 {[%clk 2:01:03]} Bf5 {[%clk 2:01:13]} 6. Ne5 {[%clk
2:01:13]} Na6 {[%clk 2:01:01]} 7. e3 {[%clk 2:01:21]} Nb4 {[%clk 2:01:13]} 8.
Bxc4 {[%clk 2:01:28]} e6 {[%clk 2:01:26]} 9. O-O {[%clk 2:01:35]} Bd6 {[%clk
2:00:48]} 10. Qe2 {[%clk 2:01:43]} h6 {[%clk 2:00:56]} 11. e4 {[%clk 2:01:51]}
Bh7 {[%clk 2:01:07]} 12. Bf4 {[%clk 2:02:00]} O-O {[%clk 2:01:12]} 13. Bg3 {[%clk
2:02:11]} Qe7 {[%clk 2:00:37]} 14. Kh1 {[%clk 2:02:16]} Rad8 {[%clk 1:55:36]} 15.
f4 {[%clk 1:58:27]} c5 {[%clk 1:44:31]} 16. Bh4 {[%clk 1:49:18]} cxd4 {[%clk
1:35:13]} 17. Ng4 {[%clk 1:48:57]} dxc3 {[%clk 1:29:25]} 18. e5 {[%clk 1:39:04]}
Nxg4 {[%clk 1:17:39]} 19. Bxe7 {[%clk 1:38:11]} Bxe7 {[%clk 1:17:51]} 20. bxc3
{[%clk 1:32:46]} Nc2 {[%clk 1:17:41]} 21. Qxg4 {[%clk 1:32:22]} Nxa1 {[%clk
1:10:28]} 22. Rxa1 {[%clk 1:32:28]} Bd3 {[%clk 1:10:17]} 23. Bb3 {[%clk 1:27:59]}
Be4 {[%clk 1:09:00]} 24. Re1 {[%clk 1:25:03]} Bc6 {[%clk 1:08:16]} 25. Re3 {[%clk
1:19:56]} Rfe8 {[%clk 1:06:08]} 26. f5 {[%clk 1:07:40]} exf5 {[%clk 1:01:33]} 27.
Qxf5 {[%clk 1:07:47]} Bd5 {[%clk 1:01:37]} 28. Bxd5 {[%clk 0:58:56]} Rxd5 {[%clk
1:01:47]} 29. Qf3 {[%clk 0:51:28]} Red8 {[%clk 1:01:43]} 30. Re1 {[%clk 0:51:33]}
Bc5 {[%clk 0:53:15]} 31. a5 {[%clk 0:41:32]} R8d7 {[%clk 0:47:57]} 32. g3 {[%clk
0:39:53]} Bf8 {[%clk 0:45:27]} 33. e6 {[%clk 0:38:21]} fxe6 {[%clk 0:45:26]} 34.
Qe3 {[%clk 0:35:21]} R5d6 {[%clk 0:39:27]} 35. Qxa7 {[%clk 0:34:14]} b6 {[%clk
0:30:52]} 36. Qa8 {[%clk 0:33:41]} Rd8 {[%clk 0:29:41]} 37. Qa6 {[%clk 0:33:45]}
bxa5 {[%clk 0:29:50]} 38. Qxa5 {[%clk 0:33:55]} Rc8 {[%clk 0:29:24]} 39. Kg2
{[%clk 0:27:22]} Be7 {[%clk 0:27:41]} 40. Qb5 {[%clk 0:25:55]} Rdc6 {[%clk
0:23:23]} 41. c4 {[%clk 0:25:15]} Rxc4 {[%clk 0:22:13]} 42. Rxe6 {[%clk 0:25:24]}
Rc2+ {[%clk 0:22:07]} 43. Kh3 {[%clk 0:25:32]} Bf8 {[%clk 0:21:52]} 44. Re4
{[%clk 0:23:23]} R2c6 {[%clk 0:17:12]} 45. Qb3+ {[%clk 0:22:38]} Kh8 {[%clk
0:17:08]} 46. Re2 {[%clk 0:22:45]} Rf6 {[%clk 0:15:32]} 47. Kg2 {[%clk 0:22:47]}
Rc7 {[%clk 0:14:01]} 48. Qd5 {[%clk 0:22:19]} Rc5 {[%clk 0:13:04]} 49. Qd8 {[%clk
0:21:21]} Rcf5 {[%clk 0:12:46]} 50. Qd3 {[%clk 0:19:15]} Kg8 {[%clk 0:12:00]} 51.
Qd7 {[%clk 0:18:36]} Kh7 {[%clk 0:11:40]} 52. Rc2 {[%clk 0:17:11]} Kg8 {[%clk
0:11:20]} 53. g4 {[%clk 0:15:27]} Rf4 {[%clk 0:10:09]} 54. h3 {[%clk 0:12:47]}
Kh7 {[%clk 0:09:26]} 55. Rd2 {[%clk 0:10:53]} Bb4 {[%clk 0:09:01]} 56. Re2 {[%clk
0:10:50]} Bd6 {[%clk 0:08:29]} 57. Qc8 {[%clk 0:09:08]} Rf3 {[%clk 0:06:52]} 58.
Qc2+ {[%clk 0:07:01]} g6 {[%clk 0:07:01]} 59. Kg1 {[%clk 0:06:29]} Rf1+ {[%clk
0:07:09]} 60. Kg2 {[%clk 0:06:39]} R1f3 {[%clk 0:07:21]} 61. Kg1 {[%clk 0:06:47]}
Rf1+ {[%clk 0:07:32]} 1/2-1/2

[Event "BPB Limburg Open - Group A"]
[Site "chess24.com"]
[Date "2016.05.14"]
[Round "2"]
[White "Warmerdam, Max"]
[Black "Socko, Bartosz"]
[Result "1/2-1/2"]
[Board "5"]
[WhiteTitle "FM"]
[WhiteElo "2387"]
[WhiteCountry "NED"]
[WhiteFideId "1048104"]
[WhiteEloChange "5"]
[BlackTitle "GM"]
[BlackElo "2600"]
[BlackCountry "POL"]
[BlackFideId "1107038"]
[BlackEloChange "-3"]

1. e4 {[%clk 2:00:29]} e5 {[%clk 2:00:22]} 2. Nf3 {[%clk 2:00:39]} Nc6 {[%clk
2:00:31]} 3. Bb5 {[%clk 2:00:50]} a6 {[%clk 2:00:40]} 4. Ba4 {[%clk 2:01:02]} Nf6
{[%clk 2:00:49]} 5. O-O {[%clk 2:01:09]} b5 {[%clk 2:01:00]} 6. Bb3 {[%clk
2:01:21]} Bb7 {[%clk 2:01:09]} 7. d3 {[%clk 2:01:32]} Be7 {[%clk 2:01:16]} 8. Nc3
{[%clk 2:01:42]} O-O {[%clk 2:01:22]} 9. a3 {[%clk 2:01:41]} d6 {[%clk 2:01:27]}
10. Re1 {[%clk 2:01:26]} Qd7 {[%clk 2:01:19]} 11. Bg5 {[%clk 1:47:42]} h6 {[%clk
1:54:56]} 12. Bh4 {[%clk 1:39:39]} Rae8 {[%clk 1:49:48]} 13. h3 {[%clk 1:32:14]}
Kh8 {[%clk 1:42:20]} 14. Bg3 {[%clk 1:26:53]} Bd8 {[%clk 1:40:38]} 15. Ba2 {[%clk
1:24:37]} Nh7 {[%clk 1:31:49]} 16. Nd5 {[%clk 1:07:55]} Ne7 {[%clk 1:28:39]} 17.
Nxe7 {[%clk 1:06:42]} Bxe7 {[%clk 1:27:18]} 18. d4 {[%clk 0:57:26]} exd4 {[%clk
1:27:14]} 19. Qxd4 {[%clk 0:55:23]} Qc8 {[%clk 1:21:23]} 20. c3 {[%clk 0:47:34]}
f5 {[%clk 1:08:10]} 21. exf5 {[%clk 0:27:03]} Bxf3 {[%clk 1:07:02]} 22. gxf3
{[%clk 0:24:39]} Qxf5 {[%clk 1:02:48]} 23. Qg4 {[%clk 0:12:16]} g6 {[%clk
0:36:06]} 1/2-1/2

[Event "BPB Limburg Open - Group A"]
[Site "chess24.com"]
[Date "2016.05.14"]
[Round "2"]
[White "Berg, Emanuel"]
[Black "Hovhannisyan, Mher"]
[Result "1-0"]
[Board "6"]
[WhiteTitle "GM"]
[WhiteElo "2581"]
[WhiteCountry "SWE"]
[WhiteFideId "1704060"]
[WhiteEloChange "3"]
[BlackTitle "IM"]
[BlackElo "2470"]
[BlackCountry "BEL"]
[BlackFideId "13300865"]
[BlackEloChange "-3"]

1. e4 {[%clk 2:00:20]} e6 {[%clk 2:00:07]} 2. d4 {[%clk 2:00:22]} d5 {[%clk
2:00:16]} 3. Nc3 {[%clk 2:00:31]} Nf6 {[%clk 2:00:16]} 4. Bg5 {[%clk 2:00:28]}
Be7 {[%clk 2:00:06]} 5. e5 {[%clk 2:00:37]} Ne4 {[%clk 1:59:50]} 6. Bxe7 {[%clk
1:43:26]} Qxe7 {[%clk 1:57:41]} 7. Nxe4 {[%clk 1:43:21]} dxe4 {[%clk 1:57:49]} 8.
a3 {[%clk 1:42:29]} c5 {[%clk 1:54:01]} 9. Qg4 {[%clk 1:38:30]} f5 {[%clk
1:50:02]} 10. exf6 {[%clk 1:37:27]} Qxf6 {[%clk 1:49:55]} 11. Qh5+ {[%clk
1:21:02]} g6 {[%clk 1:44:20]} 12. Qxc5 {[%clk 1:21:01]} Nc6 {[%clk 1:43:37]} 13.
Bb5 {[%clk 1:16:49]} Bd7 {[%clk 1:39:47]} 14. Ne2 {[%clk 1:14:15]} Rc8 {[%clk
1:37:39]} 15. Nc3 {[%clk 1:09:16]} Qf4 {[%clk 1:04:46]} 16. d5 {[%clk 1:03:48]}
exd5 {[%clk 0:56:44]} 17. Nxd5 {[%clk 1:01:29]} Qf8 {[%clk 0:47:49]} 18. Qe3
{[%clk 0:50:58]} Qf5 {[%clk 0:43:27]} 19. O-O-O {[%clk 0:48:21]} Kf7 {[%clk
0:39:45]} 20. Nc3 {[%clk 0:45:14]} Rhe8 {[%clk 0:37:02]} 21. Rd5 {[%clk 0:45:04]}
Re5 {[%clk 0:34:01]} 22. g4 {[%clk 0:44:58]} 1-0

[Event "BPB Limburg Open - Group A"]
[Site "chess24.com"]
[Date "2016.05.14"]
[Round "2"]
[White "Chatalbashev, Boris"]
[Black "Dambacher, Martijn"]
[Result "1-0"]
[Board "7"]
[WhiteTitle "GM"]
[WhiteElo "2548"]
[WhiteCountry "BUL"]
[WhiteFideId "2900440"]
[WhiteEloChange "4"]
[BlackTitle "GM"]
[BlackElo "2486"]
[BlackCountry "NED"]
[BlackFideId "1005030"]
[BlackEloChange "-4"]

1. d4 {[%clk 2:00:15]} f5 {[%clk 2:00:15]} 2. g3 {[%clk 2:00:15]} Nf6 {[%clk
2:00:15]} 3. Bg2 {[%clk 2:00:15]} e6 {[%clk 2:00:15]} 4. c4 {[%clk 2:00:15]} d5
{[%clk 2:00:15]} 5. Nf3 {[%clk 2:00:15]} c6 {[%clk 2:00:15]} 6. O-O {[%clk
2:00:15]} Bd6 {[%clk 2:00:15]} 7. b3 {[%clk 2:00:15]} Qe7 {[%clk 2:00:15]} 8. Ne5
{[%clk 2:00:15]} O-O {[%clk 2:00:15]} 9. Nd2 {[%clk 2:00:15]} a5 {[%clk 2:00:15]}
10. Ndf3 {[%clk 2:00:15]} Nbd7 {[%clk 2:00:15]} 11. Bf4 {[%clk 2:00:15]} Ne4
{[%clk 1:29:47]} 12. c5 {[%clk 2:00:15]} Nxe5 {[%clk 1:29:47]} 13. Bxe5 {[%clk
2:00:15]} Bc7 {[%clk 1:29:47]} 14. Rc1 {[%clk 2:00:15]} Nf6 {[%clk 1:14:21]} 15.
Bxc7 {[%clk 1:46:27]} Qxc7 {[%clk 1:14:07]} 16. Qd2 {[%clk 1:46:39]} Bd7 {[%clk
0:50:35]} 17. Ne5 {[%clk 1:46:39]} Be8 {[%clk 0:50:35]} 18. Nd3 {[%clk 1:44:46]}
Bh5 {[%clk 0:45:15]} 19. f3 {[%clk 1:40:53]} Rae8 {[%clk 0:34:57]} 20. Qf4 {[%clk
1:40:53]} Qxf4 {[%clk 0:34:57]} 21. gxf4 {[%clk 1:40:53]} h6 {[%clk 0:34:57]} 22.
h4 {[%clk 1:40:53]} Nd7 {[%clk 0:25:43]} 23. Kf2 {[%clk 1:33:01]} Kf7 {[%clk
0:25:43]} 24. Rb1 {[%clk 1:15:37]} Ra8 {[%clk 0:25:54]} 25. b4 {[%clk 1:08:36]}
axb4 {[%clk 0:24:22]} 26. Rxb4 {[%clk 1:08:36]} Rfb8 {[%clk 0:24:22]} 27. a4
{[%clk 0:49:29]} Ke7 {[%clk 0:24:22]} 28. Rfb1 {[%clk 0:49:29]} Kd8 {[%clk
0:24:22]} 29. e3 {[%clk 0:49:29]} Kc7 {[%clk 0:24:22]} 30. Bf1 {[%clk 0:49:29]}
Ra7 {[%clk 0:24:22]} 31. Be2 {[%clk 0:49:29]} Rg8 {[%clk 0:12:05]} 32. a5 {[%clk
0:49:29]} Rb8 {[%clk 0:12:05]} 33. Rg1 {[%clk 0:43:16]} Rg8 {[%clk 0:12:05]} 34.
Ra1 {[%clk 0:43:16]} Rga8 {[%clk 0:12:05]} 35. Rba4 {[%clk 0:43:16]} Rg8 {[%clk
0:11:57]} 36. Nb4 {[%clk 0:39:51]} Nb8 {[%clk 0:11:38]} 37. R4a2 {[%clk 0:36:25]}
Be8 {[%clk 0:10:46]} 38. Nd3 {[%clk 0:34:53]} Bh5 {[%clk 0:08:10]} 39. Nc1 {[%clk
0:34:24]} Nd7 {[%clk 0:07:54]} 40. Nb3 {[%clk 0:34:28]} Rb8 {[%clk 0:05:29]} 41.
Rg1 {[%clk 0:34:33]} Rg8 {[%clk 0:05:39]} 42. Raa1 {[%clk 0:34:30]} Bf7 {[%clk
0:03:59]} 43. Rg2 {[%clk 0:34:02]} Nf6 {[%clk 0:03:51]} 44. Rb1 {[%clk 0:33:30]}
Be8 {[%clk 0:02:54]} 45. Bd3 {[%clk 0:33:17]} Bd7 {[%clk 0:02:51]} 46. Rbg1
{[%clk 0:33:17]} Nh5 {[%clk 0:02:48]} 47. Ke2 {[%clk 0:32:33]} Rb8 {[%clk
0:02:00]} 48. Kd2 {[%clk 0:32:35]} Rg8 {[%clk 0:02:05]} 49. Kc3 {[%clk 0:32:45]}
Rb8 {[%clk 0:02:12]} 50. Rb1 {[%clk 0:32:41]} Kd8 {[%clk 0:01:58]} 51. Ra2 {[%clk
0:31:33]} Nf6 {[%clk 0:01:42]} 52. Ra4 {[%clk 0:31:22]} Kc7 53. Rb4 {[%clk
0:31:32]} Be8 54. Rg1 {[%clk 0:30:10]} Nh5 55. Rb6 {[%clk 0:30:12]} Bd7 56. Rb1
{[%clk 0:30:11]} Nf6 57. a6 {[%clk 0:29:32]} bxa6 58. Na5 {[%clk 0:29:42]} Raa8
59. Bc2 {[%clk 0:27:44]} Ng8 60. Rxb8 {[%clk 0:24:57]} Rxb8 61. Rg1 {[%clk
0:25:07]} Nf6 62. Rxg7 {[%clk 0:25:16]} Rg8 63. Rf7 {[%clk 0:25:03]} Ne8 64. Nxc6
{[%clk 0:24:37]} Rg7 65. Ne5 {[%clk 0:24:21]} Rxf7 66. Nxf7 {[%clk 0:24:34]} h5
67. Kb4 {[%clk 0:24:15]} Bb5 68. Ka5 {[%clk 0:23:14]} Nf6 69. Ne5 {[%clk
0:22:28]} Ng8 70. Bd3 {[%clk 0:21:15]} Bxd3 71. Nxd3 {[%clk 0:21:27]} Kb7 72. Ne5
{[%clk 0:21:19]} Ne7 73. c6+ {[%clk 0:21:06]} Kc7 74. Kxa6 {[%clk 0:21:18]} Nxc6
75. Nd3 {[%clk 0:20:44]} Ne7 76. Ne5 {[%clk 0:20:49]} Nc6 77. Kb5 {[%clk
0:21:01]} Ne7 78. Kc5 {[%clk 0:21:01]} Nc8 79. Ng6 {[%clk 0:21:01]} Nd6 80. Nf8
{[%clk 0:21:01]} Nb7+ 81. Kb5 {[%clk 0:21:13]} Kd6 82. Ka6 {[%clk 0:20:50]} Nd8
83. Kb6 {[%clk 0:21:02]} Nf7 84. Ng6 {[%clk 0:20:58]} Nh6 85. Kb7 {[%clk
0:20:52]} Kd7 86. Ne5+ {[%clk 0:21:02]} Kd6 87. Kc8 {[%clk 0:21:09]} Ke7 88. Kc7
{[%clk 0:21:19]} Ng8 89. Nc6+ {[%clk 0:21:19]} Kf7 90. Kd6 {[%clk 0:21:31]} Kf6
91. Kd7 {[%clk 0:21:00]} Kf7 92. Nd8+ {[%clk 0:21:09]} Kf6 93. Nxe6 {[%clk
0:21:19]} Ne7 94. Nc7 {[%clk 0:20:50]} Kf7 95. Kd6 {[%clk 0:20:44]} Ng6 96. Nxd5
{[%clk 0:20:56]} Nxh4 97. Ke5 {[%clk 0:20:51]} Kg6 98. Ne7+ {[%clk 0:21:01]} Kf7
99. Nxf5 {[%clk 0:21:00]} Nxf3+ 100. Ke4 {[%clk 0:21:00]} Nd2+ 101. Kd3 {[%clk
0:21:04]} Nf3 102. Ke2 {[%clk 0:21:06]} 1-0